000 00295nam a2200109Ia 4500
008 200302s9999 xx 000 0 und d
100 _aDavid Dillon
245 _aArchitecture in the Public interest fentress bradburn Architects
260 _bEdizioni Newyork
260 _c2001
300 _a143 P.,
999 _c2903
_d2903